Boards, governance and value creation <the> human side of corporate governance

Gespeichert in:
Bibliographische Detailangaben
1. Verfasser: Huse, Morten
Format: Buch
Sprache:Englisch
Veröffentlicht: Cambridge Cambridge University Press 2007
Schlagworte:
Tags: Tag hinzufügen
Keine Tags, Fügen Sie das erste Tag hinzu!

MARC

LEADER 00000nam$a2200000$$$4500
001 0064519
005 20240312115441.6
020 |a 0-521-60634-9 
020 |a 978-0-521-60634-9 
041 0 |a eng 
044 |a GB 
245 1 0 |a Boards, governance and value creation  |b <the> human side of corporate governance  |c Morten Huse 
264 1 |a Cambridge  |b Cambridge University Press  |c 2007 
300 |a xix, 371 s. 
610 2 0 |a správa podniku 
610 2 0 |a riadenie podnikové 
610 2 0 |a rady správne 
610 2 0 |a predstavenstvo 
610 2 0 |a rady dozorné 
610 2 0 |a manažéri 
100 1 |a Huse, Morten